Представление документа в формате RUSMARC

ПолеНазваниеЗначение
  Тип записи a
  Библиографический уровень a
001 Контрольный номер RU/CBS_Ul/BASE/515889764
005 Дата корректировки 20240209175200.1
100 Данные общей обработки __
a Данные общей обработки 20160506d2016 ||| 0rusy0189 ca
101 Язык документа 0_
a Язык текста rus
102 Страна публикации __
a Страна публикации RU
105 Кодированные данные (монография) __
a Кодированные данные (монография) y###||||000|y
200 Заглавие и сведения об ответственности 1_
a Заглавие Мистика Третьяковки
b Общее обозначение материала Текст
e Сведения, относящиеся к заглавию [о картинах галереи, с которыми связано немало мистических историй]
f Первые сведения об ответственности И. Шлионская
300 Общие примечания __
a Общие примечания Ограничения по возрасту - 16+
461 Уровень набора _0
1 2000
a Клуб
463 Уровень физической единицы _0
1 001RU/CBS_Ul/BASE/495722862
1 2000
a № 7
v С. 26-27 : ил.
1 210
d 2015
600 Персоналии _0
a Персоналии (Фамилия) Третьяков
b Персоналии (Имя, инициалы) П.М.
606 Тематические рубрики 0_
a Основная рубрика Живопись русская - 19 в. - Третьяковская галерея (Москва)
610 Ключевые слова 0_
a Ключевые слова живопись русская
a Ключевые слова Третьяковская галерея
a Ключевые слова Третьяковка
a Ключевые слова музеи художественные
a Ключевые слова художественные музеи
a Ключевые слова художники русские
a Ключевые слова русские художники
a Ключевые слова живописцы русские
a Ключевые слова русские живописцы
a Ключевые слова мистические истории
a Ключевые слова картины живописные
a Ключевые слова полотна живописные
686 Индексы других классификаций __
a Классификационный индекс 85.101
2 Код системы ББК
700 Автор _1
a Фамилия Шлионская
b Имя (инициалы) И.
g Полное личное имя Ирина
801 Источник записи _0
a Страна RU
b Организация МБУК ЦБС г. Ульяновска
c Дата составления 20160506
g Правила каталогизации RCR
801 Источник записи _1
a Страна RU
b Организация МБУК ЦБС г. Ульяновска
c Дата составления 20160506
g Правила каталогизации RCR
901 Тип документа __
t Тип документа b
w Контрольный № источника RU/CBS_Ul/BASE/495722862
910 Корректоры записи __
a Корректор записи Библиотека 1
938 Служебная информация __
a Имя БД period